[Event "Calimanesti ROM, Ch U14 (b) 2014"]
[Site "Calimanesti ROM"]
[Date "2014.04.09"]
[Round "5.27"]
[White "Ion, Dragos-Cosmin"]
[Black "Carasca, Andrei-Pavel"]
[Result "1-0"]
[WhiteElo "1399"]
[BlackElo "1020"]
[PlyCount "119"]
[EventDate "2014.04.06"]
[EventType "swiss"]
[EventRounds "9"]
[EventCountry "ROM"]

1. e4 e5 2. Nf3 Nc6 3. Bc4 Nf6 4. d4 exd4 5. O-O Be7 6. e5 Ng4 7. Re1 O-O 8. h3
Bb4 9. c3 dxc3 10. bxc3 Ngxe5 11. Nxe5 Nxe5 12. Rxe5 Qf6 13. Re3 Bc5 14. Rf3
Qc6 15. Qb3 Qg6 16. Be3 Bxe3 17. Rxe3 d6 18. Nd2 Bd7 19. Rae1 Qh5 20. Ne4 Bc6
21. Ng3 Qg6 22. Bd5 Bxd5 23. Qxd5 c6 24. Qb3 Rab8 25. Re7 Qd3 26. Rd1 Qg6 27.
Rxb7 Rxb7 28. Qxb7 Qc2 29. Rxd6 Qxc3 30. Rxc6 Qa1+ 31. Nf1 h6 32. Qxa7 Re8 33.
Qa6 Re1 34. Rc8+ Kh7 35. Qd3+ g6 36. Rc7 Qxa2 37. Qc3 Re8 38. Qf6 Kg8 39. Qc3
Qe6 40. Rc6 Qe7 41. Qc4 Kf8 42. Rc8 Rxc8 43. Qxc8+ Kg7 44. g4 Qe4 45. Qc3+ Kh7
46. Qf6 Qc4 47. Ne3 Qc7 48. h4 Qc1+ 49. Kg2 Qc7 50. h5 Qb7+ 51. Qf3 Qa7 52. Nd5
Kg7 53. Qf6+ Kh7 54. hxg6+ fxg6 55. Qf3 Kg7 56. Qc3+ Kf8 57. Qh8+ Kf7 58. Qh7+
Ke8 59. Nf6+ Kd8 60. Qxa7 1-0

[Event "Calimanesti ROM, Ch U14 (b) 2014"]
[Site "Calimanesti ROM"]
[Date "2014.04.08"]
[Round "3.29"]
[White "Ion, Dragos-Cosmin"]
[Black "Ilisei, Aurel-Andrei"]
[Result "1-0"]
[WhiteElo "1399"]
[BlackElo "1001"]
[PlyCount "122"]
[EventDate "2014.04.06"]
[EventType "swiss"]
[EventRounds "9"]
[EventCountry "ROM"]

1. e4 e5 2. Nf3 Nf6 3. Nc3 Nc6 4. a3 b6 5. Bc4 h6 6. O-O Bc5 7. d3 d6 8. h3 Nd4
9. b4 Nxf3+ 10. Qxf3 Bd4 11. Bb2 Bxc3 12. Bxc3 O-O 13. Bd2 Bb7 14. Qg3 Kh7 15.
f4 exf4 16. Bxf4 d5 17. exd5 Bxd5 18. Bxc7 Qd7 19. Bxd5 Nxd5 20. Be5 f6 21. Bb2
Qc7 22. Qxc7 Nxc7 23. c4 b5 24. Rfe1 Rfe8 25. c5 Rxe1+ 26. Rxe1 Nd5 27. g3 a5
28. bxa5 Rxa5 29. Rc1 b4 30. axb4 Nxb4 31. d4 Nd3 32. Ra1 Rb5 33. Bc3 Nb4 34.
Bxb4 Rxb4 35. Rd1 Kg8 36. d5 Rc4 37. c6 Kf7 38. d6 Ke8 39. c7 Kd7 40. Kf2 g5
41. Kf3 f5 42. Ke3 f4+ 43. gxf4 Rxf4 44. Rd4 Rf6 45. Rc4 Rf8 46. Rb4 Rc8 47.
Rb8 h5 48. Rxc8 Kxc8 49. Ke4 Kd7 50. Kf5 g4 51. hxg4 hxg4 52. Kxg4 Kxd6 53.
c8=Q Kd5 54. Qf5+ Kd4 55. Kf3 Kc4 56. Ke3 Kb4 57. Qc2 Kb5 58. Kd4 Kb6 59. Kd5
Kb7 60. Kd6 Kb8 61. Qc7+ Ka8 1-0

[Event "Calimanesti ROM, Ch U14 (b) 2014"]
[Site "Calimanesti ROM"]
[Date "2014.04.07"]
[Round "2.19"]
[White "Datcu-Goiceanu, David"]
[Black "Ion, Dragos-Cosmin"]
[Result "1-0"]
[WhiteElo "1613"]
[BlackElo "1399"]
[PlyCount "87"]
[EventDate "2014.04.06"]
[EventType "swiss"]
[EventRounds "9"]
[EventCountry "ROM"]

1. e4 c5 2. Nf3 Nc6 3. d4 cxd4 4. Nxd4 Nf6 5. Nc3 d6 6. f3 e6 7. Be3 Be7 8. Qd2
a6 9. O-O-O Bd7 10. g4 h6 11. h4 Qc7 12. Bd3 e5 13. Nb3 Be6 14. Kb1 b5 15. g5
hxg5 16. hxg5 Rxh1 17. Rxh1 Nd7 18. Nd5 Bxd5 19. exd5 Na7 20. Rc1 Nc5 21. Bf5
Nc8 22. f4 Nb6 23. Na5 Nc4 24. Nxc4 bxc4 25. Rd1 g6 26. Bxc5 Qxc5 27. Be4 Rd8
28. c3 Kd7 29. fxe5 dxe5 30. Rf1 Ke8 31. Qh2 Qd6 32. Qf2 Kd7 33. Qa7+ Ke8 34.
Qf2 Kd7 35. Qe2 Rf8 36. Qxc4 Bxg5 37. Qa4+ Kd8 38. Qa5+ Kd7 39. Bd3 Bd8 40.
Qa4+ Ke7 41. Bxa6 Qxd5 42. Rd1 Qe6 43. Qb4+ Kf6 44. Rd6 1-0

[Event "Calimanesti ROM, Ch U14 (b) 2014"]
[Site "Calimanesti ROM"]
[Date "2014.04.06"]
[Round "1.17"]
[White "Ion, Dragos-Cosmin"]
[Black "Mongescu, Victor"]
[Result "0-1"]
[WhiteElo "1399"]
[BlackElo "1745"]
[PlyCount "78"]
[EventDate "2014.04.06"]
[EventType "swiss"]
[EventRounds "9"]
[EventCountry "ROM"]

1. e4 e5 2. Nf3 Nc6 3. Bc4 Bc5 4. c3 Qe7 5. O-O d6 6. h3 h6 7. d4 Bb6 8. dxe5
Nxe5 9. Nxe5 Qxe5 10. Qf3 Nf6 11. Re1 O-O 12. Bf4 Qe7 13. Nd2 Be6 14. e5 dxe5
15. Rxe5 Nd7 16. Re2 Qf6 17. Rae1 Nc5 18. Qg3 Bxc4 19. Nxc4 Rad8 20. Be5 Qg6
21. Qxg6 fxg6 22. Nxb6 cxb6 23. Bd4 Nd3 24. Rd1 Nf4 25. Re7 Rf7 26. Rde1 Kf8
27. R7e3 Nd5 28. Re6 Re7 29. Kf1 Rxe6 30. Rxe6 Kf7 31. Re2 g5 32. g3 Nf6 33.
Ke1 h5 34. Re5 Rd5 35. Rxd5 Nxd5 36. Kd2 h4 37. Kd3 g4 38. gxh4 Nf4+ 39. Ke3
gxh3 0-1

[Event "Campionatul National pe Echipe Pentru C"]
[Site "?"]
[Date "2013.07.19"]
[Round "?"]
[White "Ion, Dragos-Cosmin"]
[Black "Griza, Ioana"]
[Result "1-0"]
[WhiteElo "1272"]
[BlackElo "1077"]
[PlyCount "113"]
[EventDate "2013.??.??"]

1. e4 e5 2. Nf3 Nc6 3. Bc4 Bc5 4. c3 Nf6 5. d4 exd4 6. cxd4 Bb6 7. Nc3 d6 8. h3
h6 9. O-O O-O 10. Re1 Re8 11. Qb3 Re7 12. Be3 Na5 13. Qb4 Nxc4 14. Qxc4 Nxe4
15. Nd5 Re8 16. Qc2 Nf6 17. Nxf6+ Qxf6 18. Bg5 Rxe1+ 19. Rxe1 Qg6 20. Re8+ Kh7
21. Qxg6+ Kxg6 22. Bd2 f6 23. Kf1 Kf7 24. Rh8 a6 25. Ke2 Rb8 26. Be3 Ba7 27.
Kd2 Be6 28. Rxb8 Bxb8 29. a3 Ba7 30. Kc3 Ke7 31. Nh4 Kd7 32. d5 Bxe3 33. dxe6+
Kxe6 34. fxe3 Ke5 35. Kd3 c5 36. b3 b6 37. g4 a5 38. a4 g5 39. Nf5 h5 40. Ne7
hxg4 41. hxg4 Ke6 42. Nc8 Kd7 43. Nxb6+ Kc6 44. Nc4 Kc7 45. Ke4 Kd7 46. Kf5 Ke7
47. Nxa5 Kf7 48. Nc6 Ke8 49. Kxf6 Kd7 50. Na7 Kc7 51. Kxg5 Kb7 52. Nb5 Kb6 53.
Kf6 Kb7 54. g5 Kc8 55. g6 Kd8 56. g7 Ke8 57. g8=Q+ 1-0

[Event "Campionatul National pe Echipe Pentru C"]
[Site "?"]
[Date "2013.07.18"]
[Round "?"]
[White "Ion, Dragos-Cosmin"]
[Black "Baratosi, Andras David"]
[Result "1-0"]
[WhiteElo "1272"]
[BlackElo "1001"]
[PlyCount "57"]
[EventDate "2013.??.??"]

1. e4 e5 2. Nf3 Nc6 3. Bc4 Bc5 4. c3 Nf6 5. d4 exd4 6. cxd4 Bb6 7. Nc3 Ba5 8.
Bg5 h6 9. Bxf6 Qxf6 10. O-O d6 11. d5 Ne5 12. Nxe5 Qxe5 13. Qa4+ b5 14. Bxb5+
Kf8 15. Qxa5 Qg5 16. f4 Qg6 17. Rf3 Qf6 18. Qxc7 Qd4+ 19. Kf1 Bg4 20. Rd3 Qb4
21. Rb1 Rc8 22. Qb7 g6 23. h3 Qc5 24. hxg4 Rc7 25. Qa6 Kg7 26. Rc1 Rb8 27. Rdd1
Rb6 28. Qa4 a6 29. Ne2 1-0

[Event "Campionatul National pe Echipe Pentru C"]
[Site "?"]
[Date "2013.07.18"]
[Round "?"]
[White "Stoica, Eduard-Constantin"]
[Black "Ion, Dragos-Cosmin"]
[Result "1-0"]
[WhiteElo "1564"]
[BlackElo "1272"]
[PlyCount "97"]
[EventDate "2013.??.??"]

1. c4 e5 2. Nc3 Nc6 3. Nf3 Bc5 4. d3 d6 5. g3 f5 6. Bg5 Nge7 7. Bxe7 Nxe7 8. d4
exd4 9. Nxd4 O-O 10. Bg2 Qe8 11. O-O Qf7 12. b3 Kh8 13. Qd3 c6 14. e4 Qf6 15.
Rad1 Ng6 16. f4 Bb4 17. exf5 Bxf5 18. Nxf5 Qxf5 19. Qxf5 Rxf5 20. Ne4 Rd8 21.
Bh3 Ra5 22. Ng5 Re8 23. Nf7+ Kg8 24. Nxd6 Bxd6 25. Rxd6 Rxa2 26. Be6+ Kf8 27.
f5 Ne5 28. Rf4 Ra1+ 29. Kg2 Ra2+ 30. Kh3 Ke7 31. c5 h5 32. Rfd4 Nf3 33. Rd7+
Kf6 34. g4 hxg4+ 35. Rxg4 Ng5+ 36. Kg3 Nxe6 37. fxe6 Rxe6 38. Rxb7 g6 39. Ra4
Rxa4 40. bxa4 Re3+ 41. Kf2 Rc3 42. Rxa7 Rxc5 43. a5 g5 44. a6 Ra5 45. Ra8 Ke5
46. a7 Ra2+ 47. Kg3 Ra3+ 48. Kg4 Kd4 49. Rd8+ 1-0

[Event "Campionatul National pe Echipe Pentru C"]
[Site "?"]
[Date "2013.07.17"]
[Round "?"]
[White "Andreescu, Darie-Ioan"]
[Black "Ion, Dragos-Cosmin"]
[Result "1-0"]
[WhiteElo "1865"]
[BlackElo "1272"]
[PlyCount "97"]
[EventDate "2013.??.??"]

1. e4 c5 2. c3 d5 3. exd5 Qxd5 4. d4 Nc6 5. Nf3 e5 6. dxe5 Qxd1+ 7. Kxd1 Bg4 8.
Be2 O-O-O+ 9. Nbd2 Bxf3 10. gxf3 Nxe5 11. Kc2 Nf6 12. Nc4 Ng6 13. Ne3 b6 14. a4
Kb8 15. a5 Nd5 16. Bc4 Nxe3+ 17. fxe3 Ne5 18. Be2 g6 19. e4 Bg7 20. Be3 Rhe8
21. Rhd1 Kb7 22. axb6 axb6 23. Rxd8 Rxd8 24. Rd1 Rxd1 25. Kxd1 Kc6 26. f4 Nd7
27. Bc4 f6 28. Ke2 b5 29. Bg8 h6 30. h4 Nf8 31. Bd5+ Kd6 32. b4 c4 33. Kf3 Nd7
34. Bd4 Nf8 35. Kg3 Nd7 36. Bf7 g5 37. hxg5 hxg5 38. fxg5 Ne5 39. gxf6 Bxf6 40.
Be8 Nd7 41. Kf4 Bxd4 42. cxd4 c3 43. Ke3 c2 44. Kd2 Nf6 45. e5+ Ke7 46. exf6+
Kxe8 47. Kxc2 Kf7 48. Kd3 Kxf6 49. Ke4 1-0

[Event "Campionatul National pe Echipe Pentru C"]
[Site "?"]
[Date "2013.07.16"]
[Round "?"]
[White "Ion, Dragos-Cosmin"]
[Black "Gurzau, Roland"]
[Result "1/2-1/2"]
[WhiteElo "1272"]
[BlackElo "1066"]
[PlyCount "44"]
[EventDate "2013.??.??"]

1. e4 c6 2. d4 d5 3. exd5 cxd5 4. Bd3 Nc6 5. c3 Nf6 6. Bf4 Bg4 7. f3 Bh5 8. Nd2
Qb6 9. Qc2 Bg6 10. Bxg6 hxg6 11. Qb3 Rh4 12. Bg5 Qxb3 13. Nxb3 Rh5 14. Bxf6
gxf6 15. f4 Bh6 16. Ne2 g5 17. Ng3 Rh4 18. Nf5 Rh5 19. Ng3 Rh4 20. Nf5 Rh5 21.
Ng3 Rh4 22. Nf5 Rh5 1/2-1/2

[Event "Campionatul National pe Echipe Pentru C"]
[Site "?"]
[Date "2013.07.16"]
[Round "?"]
[White "Zubcu, Vlad-George"]
[Black "Ion, Dragos-Cosmin"]
[Result "1-0"]
[WhiteElo "1818"]
[BlackElo "1272"]
[PlyCount "103"]
[EventDate "2013.??.??"]

1. e4 c5 2. Nf3 d6 3. d4 cxd4 4. Nxd4 Nf6 5. Nc3 a6 6. Be2 Nbd7 7. Be3 b5 8. a3
Bb7 9. f3 Rc8 10. O-O Qc7 11. g4 Ne5 12. g5 Nfd7 13. Nd5 Bxd5 14. exd5 Nb6 15.
f4 Nxd5 16. Nxb5 Qc6 17. Bc1 Nc4 18. Bxc4 Qxc4 19. Nd4 g6 20. c3 Bg7 21. f5 O-O
22. fxg6 hxg6 23. Ne2 Qc5+ 24. Rf2 Ne3 25. Bxe3 Qxe3 26. Qc1 Qxc1+ 27. Rxc1 Rc5
28. h4 Rc4 29. Rf4 Rfc8 30. Rcf1 Rxf4 31. Rxf4 Rc5 32. Ra4 a5 33. b4 axb4 34.
cxb4 Rc4 35. Ra8+ Kh7 36. b5 Be5 37. Ra7 Rxh4 38. b6 Rg4+ 39. Kf2 Rxg5 40. Rxe7
Kg7 41. b7 d5 42. Rxe5 Rxe5 43. b8=Q Rf5+ 44. Ke1 f6 45. Qc7+ Kh6 46. a4 Re5
47. a5 d4 48. Qxe5 fxe5 49. a6 Kg5 50. a7 Kf5 51. a8=Q g5 52. Qf3+ 1-0